Normal view MARC view

Entry Personal Name

Number of records used in: 2

001 - CONTROL NUMBER

  • control field: 22445

003 - CONTROL NUMBER IDENTIFIER

  • control field: dpl

005 - DATE AND TIME OF LATEST TRANSACTION

  • control field: 20100930104851.0

008 - FIXED-LENGTH DATA ELEMENTS

  • fixed length control field: 100930|||a|||||| | ||| d

040 ## - CATALOGING SOURCE

  • Original cataloging agency: dpl
  • Transcribing agency: dpl

100 ## - HEADING--PERSONAL NAME

  • Personal name: Jackie Silberg

670 ## - SOURCE DATA FOUND

  • Source citation: Work cat.: (dpl): Schiller, Pam 22444, The complete book of activities, game, stories, props, recipes, and dances for young children /, 2004

670 ## - SOURCE DATA FOUND

  • Source citation: Work cat.: (dpl): Schiller, Pam 22444, The complete book of activities, game, stories, props, recipes, and dances for young children /, 2004

© Delhi Public Library
Hit Counter
free hit counter